[Event "Moscow Alekhine op"]
[Site "Moscow"]
[Date "1996.??.??"]
[Round "6"]
[White "Gorelov, Sergey G"]
[Black "Gorjatchev, Victor"]
[Result "1-0"]
[WhiteElo "2480"]
[BlackElo "2355"]
[PlyCount "49"]
[EventDate "1996.??.??"]
[EventType "swiss"]
[EventRounds "9"]
[EventCountry "RUS"]
[SourceTitle "EXT 1999"]
[Source "ChessBase"]
[SourceDate "1998.11.16"]
[SourceVersion "1"]
[SourceVersionDate "1998.11.16"]
[SourceQuality "1"]

1. Nf3 d5 2. g3 Nf6 3. Bg2 e6 4. 0-0 Be7 5. c4 0-0 6. d4 dxc4 7. Qc2 b6 8. Ne5 Nd5 9. Nxc4 Bb7 10. a3 Nc6 11. e3 b5 12. Ncd2 a5 13. Nc3 Qd7 14. Nce4 a4 15. b4 Nd8 16. Bb2 Nb6 17. Nc5 Bxc5 18. Bxb7 Nxb7 19. dxc5 Nc4 20. Nxc4 bxc4 21. Qe4 c6 22. Rfd1 Qe7 23. Qxc4 Rac8 24. Rd2 Rfd8 25. Rad1 1-0

[Event "Moscow Alekhine op"]
[Site "Moscow"]
[Date "1996.??.??"]
[Round "7"]
[White "Gorjatchev, Victor"]
[Black "Feoktistov, Alexey A"]
[Result "1/2-1/2"]
[WhiteElo "2355"]
[BlackElo "2270"]
[PlyCount "109"]
[EventDate "1996.??.??"]
[EventType "swiss"]
[EventRounds "9"]
[EventCountry "RUS"]
[SourceTitle "EXT 1999"]
[Source "ChessBase"]
[SourceDate "1998.11.16"]
[SourceVersion "1"]
[SourceVersionDate "1998.11.16"]
[SourceQuality "1"]

1. e4 Nc6 2. Nf3 e5 3. Bc4 Bc5 4. 0-0 Nf6 5. d4 Bxd4 6. Nxd4 Nxd4 7. f4 Qe7 8. fxe5 Qxe5 9. Bf4 Qc5 10. Bxf7+ Kxf7 11. Be3 d6 12. Bxd4 Qg5 13. Nc3 Be6 14. e5 dxe5 15. Ne4 Qh4 16. Nxf6 Qxd4+ 17. Qxd4 exd4 18. Nd5+ Kg6 19. Nf4+ Kf7 20. Rae1 Bc4 21. Nd3+ Kg8 22. Re7 Rc8 23. b3 Bxd3 24. cxd3 h5 25. Rff7 Rh7 26. Rxc7 Rxc7 27. Rxc7 g5 28. Rc5 Rg7 29. Rd5 Kh7 30. Rxd4 Rf7 31. Re4 g4 32. d4 Kg6 33. Re6+ Kf5 34. Re5+ Kg6 35. g3 b6 36. Re3 Kg5 37. Kg2 Kg6 38. Re2 Rf3 39. Rd2 Rc3 40. d5 Kf7 41. d6 Ke8 42. d7+ Kd8 43. Kf2 Rf3+ 44. Ke2 Rc3 45. Kd1 Rc7 46. Ke2 Rc3 47. Kf2 Rf3+ 48. Kg2 Rc3 49. h3 h4 50. gxh4 Rxh3 51. Rf2 Rxh4 52. Rf8+ Kxd7 53. Rf7+ Kc6 54. Rxa7 Rh5 55. Rf7 1/2-1/2

[Event "Ceske Budejovice op"]
[Site "Ceske Budejovice"]
[Date "1996.??.??"]
[Round "3"]
[White "Gorjatchev, Victor"]
[Black "Haba, Petr"]
[Result "1/2-1/2"]
[WhiteElo "2370"]
[BlackElo "2485"]
[PlyCount "64"]
[EventDate "1996.??.??"]
[EventType "swiss"]
[EventRounds "9"]
[EventCountry "CZE"]
[SourceTitle "EXT 1998"]
[Source "ChessBase"]
[SourceDate "1997.11.17"]
[SourceVersion "1"]
[SourceVersionDate "1997.11.17"]
[SourceQuality "1"]

1. e4 e6 2. d4 d5 3. Nc3 dxe4 4. Nxe4 Be7 5. Nf3 Nd7 6. Bd3 Ngf6 7. 0-0 Nxe4 8. Bxe4 c5 9. c3 0-0 10. Qc2 Nf6 11. Bd3 cxd4 12. Nxd4 Bd7 13. Bf4 g6 14. Rad1 Qa5 15. Rfe1 Rac8 16. Qb1 Rfd8 17. Re5 Qb6 18. Bg5 Rc5 19. Rde1 Rxe5 20. Rxe5 Qd6 21. Qe1 Ng4 22. Bxe7 Qxe5 23. Qxe5 Nxe5 24. Bxd8 Nxd3 25. b3 e5 26. Ne2 Kg7 27. c4 Bc6 28. Nc3 f5 29. Kf1 Kf7 30. f3 Ke6 31. Bg5 Nb4 32. Ke2 e4 1/2-1/2

[Event "Budapest FS04 IM"]
[Site "Budapest"]
[Date "1996.??.??"]
[Round "3"]
[White "Gorjatchev, Victor"]
[Black "Horvath, Julia"]
[Result "1-0"]
[WhiteElo "2355"]
[BlackElo "2305"]
[PlyCount "59"]
[EventDate "1996.04.??"]
[EventType "tourn"]
[EventRounds "11"]
[EventCountry "HUN"]
[EventCategory "2"]
[SourceTitle "CBM 052 Extra"]
[Source "ChessBase"]
[SourceDate "1996.07.01"]
[SourceVersion "1"]
[SourceVersionDate "1996.07.01"]
[SourceQuality "1"]

1. e4 d6 2. d4 Nf6 3. Nc3 e5 4. Nf3 Nbd7 5. Be3 Be7 6. h3 c6 7. Qd2 0-0 8. a4 b6 9. g4 Bb7 10. g5 exd4 11. Nxd4 Nxe4 12. Nxe4 c5 13. Bg2 cxd4 14. Qxd4 Nc5 15. Rg1 Nxe4 16. Bxe4 Bxe4 17. Qxe4 d5 18. Qd3 Bc5 19. 0-0-0 Qe8 20. Rg4 Rd8 21. Kb1 Bxe3 22. fxe3 Qe7 23. h4 Rfe8 24. Re1 Qe5 25. Rd4 Qg3 26. Re2 Rc8 27. Qf5 Rc5 28. Rf2 Rf8 29. e4 dxe4 30. Qxf7+ 1-0

[Event "Ceske Budejovice op"]
[Site "Ceske Budejovice"]
[Date "1996.??.??"]
[Round "5"]
[White "Gorjatchev, Victor"]
[Black "Hosticka, Frantisek"]
[Result "1-0"]
[WhiteElo "2370"]
[BlackElo "2240"]
[PlyCount "64"]
[EventDate "1996.??.??"]
[EventType "swiss"]
[EventRounds "9"]
[EventCountry "CZE"]
[SourceTitle "EXT 1998"]
[Source "ChessBase"]
[SourceDate "1997.11.17"]
[SourceVersion "1"]
[SourceVersionDate "1997.11.17"]
[SourceQuality "1"]

1. e4 a6 2. d4 b5 3. Be3 Bb7 4. Nd2 Nf6 5. Bd3 d6 6. f4 g6 7. Ngf3 Bg7 8. 0-0 Ng4 9. Qe2 0-0 10. f5 c5 11. dxc5 dxc5 12. fxg6 hxg6 13. Bxc5 Qc7 14. Bf2 Nxf2 15. Qxf2 Bxb2 16. Rab1 Bc3 17. Ng5 Qe5 18. Ndf3 Qg7 19. Qb6 Bc8 20. Qc5 Bg4 21. e5 Rc8 22. Qd5 Nc6 23. Rb3 Nb4 24. Rxb4 Bxb4 25. Nh4 e6 26. Qd7 Bf5 27. Nxf5 exf5 28. e6 fxe6 29. Qxe6+ Kf8 30. Bxf5 Bc5+ 31. Kh1 Bf2 32. Bxg6 Rxc2 1-0

[Event "Pardubice KB op"]
[Site "Pardubice"]
[Date "1996.??.??"]
[Round "8"]
[White "Gorjatchev, Victor"]
[Black "Hybl, Jaroslav"]
[Result "1-0"]
[WhiteElo "2370"]
[BlackElo "2235"]
[PlyCount "39"]
[EventDate "1996.07.??"]
[EventType "swiss"]
[EventRounds "9"]
[EventCountry "CZE"]
[SourceTitle "CBM 055 Extra"]
[Source "ChessBase"]
[SourceDate "1997.01.01"]
[SourceVersion "1"]
[SourceVersionDate "1997.01.01"]
[SourceQuality "1"]

1. e4 c5 2. Nf3 d6 3. d4 cxd4 4. Nxd4 Nf6 5. Nc3 a6 6. Be3 e6 7. f3 b5 8. Qd2 Nbd7 9. g4 h6 10. 0-0-0 Bb7 11. h4 b4 12. Nce2 d5 13. Ng3 dxe4 14. fxe4 Nxg4 15. Be2 Nxe3 16. Nxe6 Qc8 17. Qxe3 fxe6 18. Bh5+ Kd8 19. Qb6+ Ke7 20. Rhf1 1-0

[Event "Ceske Budejovice op"]
[Site "Ceske Budejovice"]
[Date "1996.??.??"]
[Round "7"]
[White "Gorjatchev, Victor"]
[Black "Neuman, Petr"]
[Result "1-0"]
[WhiteElo "2370"]
[BlackElo "2205"]
[PlyCount "63"]
[EventDate "1996.??.??"]
[EventType "swiss"]
[EventRounds "9"]
[EventCountry "CZE"]
[SourceTitle "EXT 1998"]
[Source "ChessBase"]
[SourceDate "1997.11.17"]
[SourceVersion "1"]
[SourceVersionDate "1997.11.17"]
[SourceQuality "1"]

1. e4 d5 2. exd5 Qxd5 3. Nc3 Qa5 4. Nf3 Nf6 5. d4 Nc6 6. Bb5 Ne4 7. Bd3 Nxc3 8. bxc3 Bg4 9. 0-0 Qxc3 10. Rb1 0-0-0 11. Rb3 Qa5 12. h3 Be6 13. c4 Nxd4 14. Nxd4 Rxd4 15. Qf3 c6 16. Be3 Rd7 17. Rfb1 g5 18. Be4 Qa6 19. Bc5 Rc7 20. Ra3 Qxc4 21. Rxa7 Qxc5 22. Ra8+ Kd7 23. Rd1+ Qd6 24. Rxd6+ exd6 25. Bf5 Ke7 26. Bxe6 fxe6 27. Qh5 Kf6 28. h4 Rg7 29. Qf3+ Ke7 30. Rb8 d5 31. Qa3+ Kf6 32. Rxf8+ 1-0

[Event "Moscow IM6+"]
[Site "Moscow"]
[Date "1996.??.??"]
[Round "?"]
[White "Gorjatchev, Victor"]
[Black "Seoev, Robert"]
[Result "1-0"]
[WhiteElo "2355"]
[BlackElo "2205"]
[PlyCount "49"]
[EventDate "1996.??.??"]
[EventType "tourn"]
[EventRounds "9"]
[EventCountry "RUS"]
[SourceTitle "EXT 2000"]
[Source "ChessBase"]
[SourceDate "1999.11.16"]
[SourceVersion "1"]
[SourceVersionDate "1999.11.16"]
[SourceQuality "1"]

1. e4 c6 2. d4 d5 3. e5 h5 4. Bd3 c5 5. dxc5 Nc6 6. Nf3 Bg4 7. c3 e6 8. Qa4 Bxf3 9. gxf3 Bxc5 10. b4 Qh4 11. Rf1 Bb6 12. f4 Nh6 13. Nd2 Qh3 14. Ke2 0-0 15. Nf3 f6 16. Rg1 Nf5 17. b5 fxe5 18. Bxf5 Qxf5 19. bxc6 d4 20. Nxe5 Qe4+ 21. Kf1 Rxf4 22. Bxf4 Qxf4 23. Re1 Rf8 24. Rg2 Qd2 25. Qc4 1-0

[Event "Budapest FS04 IM"]
[Site "Budapest"]
[Date "1996.??.??"]
[Round "2"]
[White "Kahn, Evarth"]
[Black "Gorjatchev, Victor"]
[Result "1-0"]
[WhiteElo "2315"]
[BlackElo "2355"]
[PlyCount "63"]
[EventDate "1996.04.??"]
[EventType "tourn"]
[EventRounds "11"]
[EventCountry "HUN"]
[EventCategory "2"]
[SourceTitle "CBM 052 Extra"]
[Source "ChessBase"]
[SourceDate "1996.07.01"]
[SourceVersion "1"]
[SourceVersionDate "1996.07.01"]
[SourceQuality "1"]

1. d4 d5 2. c4 e6 3. Nc3 c6 4. cxd5 exd5 5. Bf4 Nf6 6. Nf3 Nbd7 7. e3 Nh5 8. Bg5 Be7 9. Bxe7 Qxe7 10. Bd3 Nf4 11. 0-0 Nxd3 12. Qxd3 Nf6 13. Rfe1 0-0 14. e4 dxe4 15. Nxe4 Bf5 16. Nxf6+ Qxf6 17. Qb3 b6 18. Qb4 Rfd8 19. Rac1 Rd6 20. Re3 Rad8 21. h3 h6 22. a4 Be6 23. a5 Bd5 24. axb6 axb6 25. Qxb6 c5 26. Qa7 Ra6 27. Qc7 cxd4 28. Nxd4 Bxg2 29. Nf5 Bxh3 30. Ne7+ Kh7 31. Qxd8 Qg5+ 32. Rg3 1-0

[Event "Moscow Alekhine op"]
[Site "Moscow"]
[Date "1996.??.??"]
[Round "2"]
[White "Maljutin, Evgeni"]
[Black "Gorjatchev, Victor"]
[Result "1/2-1/2"]
[WhiteElo "2495"]
[BlackElo "2355"]
[PlyCount "86"]
[EventDate "1996.??.??"]
[EventType "swiss"]
[EventRounds "9"]
[EventCountry "RUS"]
[SourceTitle "EXT 1999"]
[Source "ChessBase"]
[SourceDate "1998.11.16"]
[SourceVersion "1"]
[SourceVersionDate "1998.11.16"]
[SourceQuality "1"]

1. d4 d5 2. c4 e6 3. Nc3 c6 4. e4 dxe4 5. Nxe4 Bb4+ 6. Bd2 Qxd4 7. Bxb4 Qxe4+ 8. Ne2 Na6 9. Bf8 Ne7 10. Bxg7 Rg8 11. Qd4 Qxd4 12. Bxd4 Nb4 13. Kd2 b6 14. a3 Na6 15. Ng3 Bb7 16. Bd3 0-0-0 17. Kc3 Rg4 18. Be3 f5 19. Be2 Rgg8 20. Rhg1 e5 21. f4 e4 22. Nh5 Nc7 23. Rad1 Ba6 24. Rxd8+ Rxd8 25. Kc2 Ned5 26. Bc1 Ne6 27. Rd1 c5 28. Bf1 Nd4+ 29. Kb1 e3 30. Ng3 e2 31. Nxe2 Bxc4 32. Nxd4 Bxf1 33. Rxf1 cxd4 34. Kc2 Nf6 35. Kd3 b5 36. b4 Ne4 37. Bb2 Nd6 38. Bxd4 Nc4 39. Kc3 Kb7 40. Re1 Rd7 41. a4 Nd6 42. a5 Ne4+ 43. Kd3 Nf2+ 1/2-1/2

[Event "Budapest FS04 IM"]
[Site "Budapest"]
[Date "1996.??.??"]
[Round "7"]
[White "Nazarenus, Olaf"]
[Black "Gorjatchev, Victor"]
[Result "1/2-1/2"]
[WhiteElo "2165"]
[BlackElo "2355"]
[PlyCount "92"]
[EventDate "1996.04.??"]
[EventType "tourn"]
[EventRounds "11"]
[EventCountry "HUN"]
[EventCategory "2"]
[SourceTitle "CBM 052 Extra"]
[Source "ChessBase"]
[SourceDate "1996.07.01"]
[SourceVersion "1"]
[SourceVersionDate "1996.07.01"]
[SourceQuality "1"]

1. c4 e6 2. Nc3 d5 3. d4 c6 4. e3 Nf6 5. Nf3 Nbd7 6. Bd3 dxc4 7. Bxc4 b5 8. Bd3 b4 9. Ne2 Be7 10. 0-0 0-0 11. Nf4 Qb6 12. Ng5 Ba6 13. e4 Bxd3 14. Qxd3 e5 15. dxe5 Nxe5 16. Qh3 Bc5 17. Qf5 g6 18. Nxg6 fxg6 19. Qxe5 Bxf2+ 20. Kh1 Rae8 21. Qd6 Bc5 22. Qd3 Ng4 23. Qc4+ Kh8 24. Nf7+ Rxf7 25. Rxf7 Ne5 26. Qf1 Nxf7 27. Qxf7 Rf8 28. Qc4 Bd4 29. Bh6 Bxb2 30. Bxf8 Bxa1 31. Bxb4 Bg7 32. h3 Qb5 33. Qxb5 cxb5 34. Kg1 Kg8 35. Kf2 Kf7 36. Ke3 Ke6 37. Kd3 Ba1 38. Bc3 Bxc3 39. Kxc3 Ke5 40. Kb4 Kxe4 41. Kxb5 Kf4 42. Ka6 Kg3 43. Kxa7 Kxg2 44. h4 Kg3 45. Kb8 Kxh4 46. a4 g5 1/2-1/2

[Event "Pardubice KB op"]
[Site "Pardubice"]
[Date "1996.??.??"]
[Round "7"]
[White "Svatos, Jan"]
[Black "Gorjatchev, Victor"]
[Result "1-0"]
[WhiteElo "2245"]
[BlackElo "2370"]
[PlyCount "79"]
[EventDate "1996.07.??"]
[EventType "swiss"]
[EventRounds "9"]
[EventCountry "CZE"]
[SourceTitle "CBM 055 Extra"]
[Source "ChessBase"]
[SourceDate "1997.01.01"]
[SourceVersion "1"]
[SourceVersionDate "1997.01.01"]
[SourceQuality "1"]

1. e4 c5 2. Nf3 a6 3. d4 cxd4 4. Nxd4 Nf6 5. Nc3 e5 6. Nb3 Bb4 7. Bd3 d5 8. exd5 e4 9. Be2 Nxd5 10. 0-0 Bxc3 11. bxc3 0-0 12. Bc4 Nxc3 13. Qe1 b5 14. Qxc3 bxc4 15. Bb2 Qg5 16. Nc5 Re8 17. Rad1 f6 18. Nxe4 Qe5 19. Qxe5 fxe5 20. Nd6 Rf8 21. Nxc8 Rxc8 22. Bxe5 Nc6 23. Bc3 Rd8 24. g3 Kf7 25. Rxd8 Rxd8 26. Rb1 Nd4 27. Bxd4 Rxd4 28. Rb7+ Kf6 29. Rc7 Ke5 30. Rxg7 Rd2 31. Rxh7 Rxc2 32. h4 Rxa2 33. Rc7 Kd4 34. h5 Ra5 35. h6 Rh5 36. h7 c3 37. g4 Rh4 38. g5 c2 39. g6 Kd5 40. Rxc2 1-0

[Event "Vienna op"]
[Site "Vienna"]
[Date "1995.??.??"]
[Round "5"]
[White "Gorjatchev, Victor"]
[Black "Adler, Viktor"]
[Result "0-1"]
[WhiteElo "2185"]
[BlackElo "2400"]
[PlyCount "125"]
[EventDate "1995.??.??"]
[EventType "swiss"]
[EventRounds "9"]
[EventCountry "AUT"]
[SourceTitle "EXT 1998"]
[Source "ChessBase"]
[SourceDate "1997.11.17"]
[SourceVersion "1"]
[SourceVersionDate "1997.11.17"]
[SourceQuality "1"]

1. e4 e5 2. Nf3 Nc6 3. Bc4 Be7 4. d4 d6 5. dxe5 dxe5 6. Bd5 Bd7 7. 0-0 Nf6 8. Qe2 Bd6 9. c3 Qe7 10. Re1 Nd8 11. Nbd2 c6 12. Bb3 Bc7 13. Nf1 Ne6 14. Ng3 g6 15. Ng5 Nxg5 16. Bxg5 h6 17. Bd2 h5 18. Bg5 h4 19. Qf3 Bd8 20. Nf1 Rh5 21. Bxf6 Qxf6 22. Qxf6 Bxf6 23. Rad1 Rh7 24. Rd3 Rd8 25. Ne3 Bc8 26. Red1 Rxd3 27. Rxd3 Be7 28. Nc4 f6 29. Nd6+ Bxd6 30. Rxd6 Ke7 31. Rd2 Rh8 32. a3 a5 33. g3 Bg4 34. Bd1 Be6 35. f3 b5 36. Kg2 a4 37. Kg1 Bc4 38. Kg2 Ke6 39. Bc2 Ke7 40. Kg1 Ke6 41. Kg2 f5 42. Kg1 fxe4 43. Bxe4 Bd5 44. Kg2 g5 45. Re2 hxg3 46. hxg3 Bxe4 47. fxe4 g4 48. Rd2 Rf8 49. Rd3 Ke7 50. Kg1 Rf6 51. Rd2 Rf3 52. Kg2 Re3 53. Kf2 Rf3+ 54. Kg2 Rf6 55. Re2 Kd6 56. c4 Rf3 57. cxb5 cxb5 58. Rd2+ Kc5 59. Rd5+ Kc4 60. Rxe5 Rb3 61. Re8 Rxb2+ 62. Kg1 b4 63. Ra8 0-1